000 00806nam a22002297a 4500
005 20200104041800.0
008 171103b xxu||||| |||| 00| 0 spa d
040 _aCO-BoIAVH
_cCO-BoIAVH
041 _aspa
044 _ack
090 _aEA-
_b0425
110 2 _aCorporación Autónoma Regional de Cundinamarca
245 1 0 _aGuía para el fortalecimiento de la cultura ambiental en el territorio Car
260 _aBogotá:
_bCorporación Autónoma Regional de Cundinamarca,
_cs. f..
300 _a74 páginas
_bilustraciones
_c22 x 18 cm
650 1 4 _aEducación ambiental
650 1 4 _aRecurso hidrico
_vConservación
650 1 4 _aRecursos naturales
_vAprovechamiento sostenible
650 1 4 _aCambio climatico
710 _aEcopetrol
942 _2ddc
_cLIBRO
999 _c19950
_d19950